000
00282nam a2200109 a 4500
005
20201002044923.0
008
140403s1971 000 spa d
100
_a
Twain, Mark
_9
71511
245
0
_a
principe y mendigo.
260
_a
Madrid -- Libra,
_c
1971 -- 179 p.
999
_c
43177
_d
43177
040
_a
DO-SdBNP